LAND USE, URBAN MOBILITY & ENVIRONMENT NEXUS : EVIDENCE FROM A DEVELOPING CITY

Bibliographic Details
Main Authors: ermana, Ariva Sugandi Dr (Author), Norsiah Abdul Aziz , Dr (Author)
Other Authors: Nur Hazwani Mohd. Muhridza (Editor)
Format: Book
Language:English
Published: Johor Bahru, Johor : Penerbit UTHM 2016
Edition:First Edition 2016
Subjects:

MARC

LEADER 00000cam a2200000 7i4500
001 0000029251
005 20241126.0
008 210510 my o eng
020 |a 9789835211584 
040 |a INS   |b eng   |e rda 
090 0 0 |a HD1391   |b A75 2016 
100 1 |a ermana, Ariva Sugandi   |c Dr. ,   |e author 
245 1 0 |a LAND USE, URBAN MOBILITY & ENVIRONMENT NEXUS :   |b EVIDENCE FROM A DEVELOPING CITY   |c ARIVA SUGANDI PERMANA AND NORSIAH ABDUL AZIZ ; Editors: NUR HAZWANI MOHD. MUHRIDZA 
250 |a First Edition 2016 
264 1 |a Johor Bahru, Johor :   |b Penerbit UTHM   |c 2016 
264 4 |c ©2016 
300 |a xviii, 197 pages :   |b illustrations, maps ;   |c 23 cm. 
336 |a text  |2 rdacontent 
337 |a unmediated  |2 rdamedia 
338 |a volume  |2 rdacarrier 
500 |a Includes index 
504 |a Includes bibliographical references : pages [191]-194 
650 0 |a Land use, Urban 
650 0 |a Urban transportation   |x Environmental aspects 
700 0 |a Norsiah Abdul Aziz ,   |c Dr. ,   |e author 
700 0 |a Nur Hazwani Mohd. Muhridza ,   |e editor 
999 |a 1000004208   |b BOOK   |c Open Shelf   |e Default branch